| 000 | 00354nam a2200121Ia 4500 | ||
|---|---|---|---|
| 008 | 220216s9999 xx 000 0 und d | ||
| 100 | _aGeorge K T | ||
| 245 | 0 | _aRole of the government and structural changes in rubber plantation industry | |
| 260 |
_bEconomic and Political Weekly _c1988 |
||
| 700 | _aHaridasan V | ||
| 700 | _aSreekumar B | ||
| 942 | _cJS | ||
| 999 |
_c67219 _d67219 |
||